Datum a čas kvízu
23.5
Celkem bodů
Celkový počet nahraných bodů na tomto kvízu bez doplňovacích otázek.
5.
Pořadí na kvízu
Konečné umístění týmu na tomto kvízu.
Zaznamenané odpovědi
| # | Otázka | Odpověď | Body | Výsledky |
|---|---|---|---|---|
| 1. | Jistá velká česká společnost o... | 1 | ||
| 2. | Za přísných bezpečnostních opa... | 1 | ||
| 3. | Nejstreamovanější kapela roku... | 1 | ||
| 4. | Na grafu vidíme propad hodnoty... | 0 | ||
| 5. | Londýnský fotbalový klub Fulha... | 0 | ||
| 5. | Jak zní křestní jméno italskéh... | 1 | ||
| 5. | Který produkt propaguje již de... | 1 | ||
| 8. | Dvojnásobná olympijská vítězka... | 0 | ||
| 5. | Jak se jmenuje vítězka páté řa... | 1 | ||
| 10. | Přiřaďte jména známých osobnos... | 0 |